Générique Détective Conan - Paroles - Statistiques

Statistiques générales
  • Ce quiz a été pris 54 fois
  • Le résultat moyen est 11 sur 17
Statistiques - réponses
Paroles % Correct
Par un flashback vers le {passé}
96%
Une nouvelle {vie} qui commence
87%
Conan a retrouvé l'{enfance}
79%
C'est le sort qu'on lui a {jeté}
74%
Il est seul dans son {monde} à lui
74%
Dans la vie il laisse son {coeur} parler
72%
{Conan}
66%
Les gens le prennent pour un {petit}
66%
Tout le monde l'a laissé {tomber}
66%
{Conan}
64%
Enquêter et avoir des {idées}
57%
Mais il ne faut pas {oublier}
55%
Dans la vie on a le droit de s'{amuser}
53%
Il en est {récompensé}
51%
Le plus fou et {séduisant} ?
51%
Qui est le plus {sidérant} ?
43%
Un {héros}
34%
Aucun quiz correspondant
Distribution des résultats
% des personnes avec chaque résultat
Percentile par nombre de réponses
Votre historique - résultats
Vous n’avez pas pris ce quiz